Návrh a výroba komponentov pre prototyp diódového laserového projektora s optimalizáciou sériovej výroby
Gespeichert in:
| 1. Verfasser: | |
|---|---|
| Weitere Verfasser: | |
| Format: | Manuskript Buch |
| Sprache: | Slowakisch |
| Veröffentlicht: |
2018
|
| Schlagworte: | |
| Online-Zugang: | http://is.stuba.sk/zp/portal_zp.pl?podrobnosti=144165 |
| Tags: |
Keine Tags, Fügen Sie das erste Tag hinzu!
|
MARC
| LEADER | 00000ntm a22000003a 4500 | ||
|---|---|---|---|
| 001 | stuzp68854 | ||
| 003 | SK-STU | ||
| 005 | 20180820160707.2 | ||
| 007 | ta | ||
| 008 | 150427s2015----xo-----f-mn---000-0-slo-d | ||
| 040 | |a STU |b slo | ||
| 041 | 0 | |a slo | |
| 100 | 1 | |a Trnka, Juraj |u 063000 |4 aut |U MTF Materiálovotechnologická fakulta |T MTF Ústav výrobných technológií |X 41972 |U M3000 |Y 83 |7 41972 | |
| 242 | 0 | 1 | |a Design and production of components for diode laser projector with series manufacturing optimalization |y eng |
| 245 | 1 | 0 | |a Návrh a výroba komponentov pre prototyp diódového laserového projektora s optimalizáciou sériovej výroby |
| 260 | |c 2018 | ||
| 650 | 4 | |a Návrh |2 slo | |
| 650 | 4 | |a Výroba |2 slo | |
| 650 | 4 | |a Prototyp |2 slo | |
| 650 | 4 | |a Laserový projektor |2 slo | |
| 650 | 4 | |a production |2 eng | |
| 650 | 4 | |a prototype |2 eng | |
| 650 | 4 | |a design |2 eng | |
| 650 | 4 | |a laser projector |2 eng | |
| 700 | 1 | |a Molnár, Tibor |4 ths |X 21448 |7 21448 | |
| 856 | 4 | |u http://is.stuba.sk/zp/portal_zp.pl?podrobnosti=144165 | |
| 996 | |c M* DP-13554 |l MMSKP |s P |a 0 |w stuzp68854_0001 | ||